| 000 | 00753nam a2200253 i 4500 | ||
|---|---|---|---|
| 001 | 000028054 | ||
| 003 | DO-SdBNP | ||
| 005 | 20230420102022.0 | ||
| 007 | ta | ||
| 008 | 110414s190? dr r 000 0 spa d | ||
| 040 |
_aDO-SdBNP _bspa _cBNPHU _erda |
||
| 082 |
_bG943 _222 |
||
| 245 | 0 | 0 |
_aGuía del premio nacional a la calidad y reconocimiento a las prácticas promisorias / _cRamón Ventura Camejo director |
| 264 |
_aSanto Domingo : _bONAP, _c[sin fecha] |
||
| 300 |
_a44 paginas : _bilustraciones _c32 cm. |
||
| 336 |
_2rdaconten. _atexto _btxt |
||
| 337 |
_2rdamedia _asin mediación _bn |
||
| 338 |
_2rdacarrier _avolumen _bnc |
||
| 590 | _aInventariado, 2023 / DG | ||
| 650 | _983290 | ||
| 650 | _983291 | ||
| 910 | _aDG | ||
| 942 |
_2ddc _cLF2 |
||
| 999 |
_c53319 _d53319 |
||